<?xml version="1.0" encoding="UTF-8"?>
<record
    xmlns:xsi="http://www.w3.org/2001/XMLSchema-instance"
    xsi:schemaLocation="http://www.loc.gov/MARC21/slim http://www.loc.gov/standards/marcxml/schema/MARC21slim.xsd"
    xmlns="http://www.loc.gov/MARC21/slim">

  <leader>00706nam a22001937a 4500</leader>
  <datafield tag="999" ind1=" " ind2=" ">
    <subfield code="c">176763</subfield>
    <subfield code="d">176763</subfield>
  </datafield>
  <controlfield tag="005">20210125124401.0</controlfield>
  <datafield tag="010" ind1=" " ind2=" ">
    <subfield code="a">UR-11008</subfield>
  </datafield>
  <datafield tag="020" ind1=" " ind2=" ">
    <subfield code="c">35.00</subfield>
    <subfield code="a">24IRV89TC</subfield>
  </datafield>
  <datafield tag="035" ind1=" " ind2=" ">
    <subfield code="a">U-9563</subfield>
  </datafield>
  <datafield tag="037" ind1=" " ind2=" ">
    <subfield code="b">DBAD/PUB</subfield>
  </datafield>
  <datafield tag="082" ind1=" " ind2=" ">
    <subfield code="a">841.08</subfield>
  </datafield>
  <datafield tag="100" ind1=" " ind2=" ">
    <subfield code="q">&#x6A9;&#x646;&#x648; &#x631; &#x645;&#x6C1;&#x646;&#x62F; &#x631; &#x633;&#x646;&#x6AF;&#x6BE; &#x628;&#x64A;&#x62F; &#x6CC; &#x633;&#x62D;&#x631; </subfield>
  </datafield>
  <datafield tag="245" ind1=" " ind2=" ">
    <subfield code="a">&#x62C;&#x645;&#x646;&#x627; &#x62A;&#x679; &#x633;&#x648; &#x631; &#x646;     </subfield>
    <subfield code="c">&#x6A9;&#x646;&#x648; &#x631; &#x645;&#x6C1;&#x646;&#x62F; &#x631; &#x633;&#x646;&#x6AF;&#x6BE; &#x628;&#x64A;&#x62F; &#x6CC; &#x633;&#x62D;&#x631;     </subfield>
  </datafield>
  <datafield tag="246" ind1=" " ind2=" ">
    <subfield code="b">Kanwer Mahinder Singh Bedi (Urdu)</subfield>
    <subfield code="a">by Haryana Urdu Acedemy  </subfield>
  </datafield>
  <datafield tag="260" ind1=" " ind2=" ">
    <subfield code="a">Chandigarh</subfield>
    <subfield code="b">Director Haryana Urdu Acedemy</subfield>
    <subfield code="c">2020 &#x621;</subfield>
  </datafield>
  <datafield tag="270" ind1=" " ind2=" ">
    <subfield code="a">SOC and Printers,Industrial Area,</subfield>
    <subfield code="b">Chandigarh</subfield>
    <subfield code="e">134113</subfield>
    <subfield code="l">01722561412</subfield>
  </datafield>
  <datafield tag="300" ind1=" " ind2=" ">
    <subfield code="a">125 &#x635; </subfield>
    <subfield code="c">22 Cm(Hb)</subfield>
  </datafield>
  <datafield tag="942" ind1=" " ind2=" ">
    <subfield code="2">ddc</subfield>
    <subfield code="c">UR</subfield>
    <subfield code="h">841.08</subfield>
    <subfield code="m">&#x628; &#x6D2; &#x62F; </subfield>
  </datafield>
</record>
